1200 1770 1680 1173 1683 1641 1415 1840 1178 1498 1228 1221 1985 1467 1343 1432 1535 1034 1737 1190 1359 1696 1934 1968 1236 1625 1872 1880 1120 1869 1303 1005 1503 1051 1248 1659 1073 1381 1892 1119 1813 1592 1590 1540 1820 1173 1710 1960 1219 1452 1253 1074 1466 1334 1804 1485 1197 1301 1550 1498 1250 1491 1851 1173 1463 1538 1737 1043 1067 1560 1832 1487 1122 1817 1630 1041 1987 1841 1985 1908 1639 1163 1057 1578 1586 1997 1184 1447 1272 1980 1579 1784 1553 1403 1638 1985 1756 1653 1356 BCNSPRNW ULIB Ver.6.0+V

เปลี่ยนเป็นภาษาไทย

Change to English
 แสดงรายละเอียดบรรณานุกรม
  กลับหน้าหลัก

Brief Record : Get Marc (ISO 2709) : E-mail record : QR code < ปิดหน้าต่าง
LEADER : 00000nam 2200000uu 4500
001    13399107918
003     ULIB
008    110209s||||||||th 000 0 tha d
020    9745659061
060 04 WP140^bธ72น 2539
100 0  ธีระ ทองสง
245 10 นรีเวชวิทยา (ฉบับสอบบอร์ด) /^cธีระ ทองสง, จตุพล ศรีสมบูรณ์, อภิชาติ โอฬารรัตนชัย
250    (เรียบเรียงครั้งที่ 2 2539)
260    เชียงใหม่ :^bภาควิชาสูติศาสตร์และนรีเวชวิทยา คณะแพทยศาสตร์มหาวิทยาลัยเชียงใหม่,^c2539
300    [7], 674 หน้า :^bภาพประกอบ ;^c29 ซม.
650  7 การทำหมัน
650  7 นรีเวชวิทยา
700 0  จตุพล ศรีสมบูรณ์
700 0  อภิชาติ โอฬารรัตนชัย
710 2  มหาวิทยาลัยเชียงใหม่. ^bคณะแพทยศาสตร์.^bภาควิชาสูติศาสตร์และนรีเวชวิทยา
945    ^p780^l0^i013791
995    ทศพร
999 ^a ใช้งานได้ทุกระบบ
รายการนี้ยังไม่มีแท็ก
คุณยังไม่ได้ล็อกอิน คุณสามารถมีกิจกรรมร่วมกับเว็บไซต์ได้ แต่ต้องล็อกอินก่อน ::
  ล็อกอิน

รายการสื่อสารสนเทศ

ลำดับที่ ประเภท เลขเรียก/บาร์โค้ด สถานที่ สถานะ
- ไม่พบข้อมูล -

รายการใกล้เคียง
    ผู้แต่ง [ธีระ ทองสง]

    หัวเรื่อง [นรีเวชวิทยา]

BibComment


ยังไม่เคยถูกคอมเมนท์

คอมเมนท์ทรัพยากรรายการนี้
  คอมเมนท์: นรีเวชวิทยา ฉบับส..


 Copyright 2026. Bcnsprnw @Library